LEADER 00969cam2 22002771 450 001 SOBE00039572 005 20140127141819.0 100 $a20140127d1976 |||||ita|0103 ba 101 $aita 102 $aIT 200 0 $a1$fHenri Ellenberger 210 $aTorino$cBoringhieri$d1976 215 $aXVII, 526 p.$d19 cm 225 2 $aUniversale scientifica$v148/149 410 1$1001SOBE00030453$12001 $a*Universale scientifica$v148/149 461 1$1001E600200016277$12001 $aLa scoperta dell'inconscio : Storia della psichiatria dinamica / Henri Ellenberger 700 1$aEllenberger$b, Henri$3A600200034861$4070$0778664 801 0$aIT$bUNISOB$c20140127$gRICA 850 $aUNISOB 852 $aUNISOB$j150|Coll|3|K$m24104 912 $aSOBE00039572 940 $aM 102 Monografia moderna SBN 941 $aM 957 $a150|Coll|3|K$b000002$i-1$gSI$d24104$1rovito$2UNISOB$3UNISOB$420140127141627.0$520140127141720.0$6rovito 996 $a1$91713243 997 $aUNISOB LEADER 01134nam 2200325Ia 450 001 996387038603316 005 20221108032222.0 035 $a(CKB)1000000000613763 035 $a(EEBO)2264194277 035 $a(OCoLC)12861396 035 $a(EXLCZ)991000000000613763 100 $a19851202d1679 uy | 101 0 $aeng 135 $aurbn||||a|bb| 200 12$aA decree made at Rome, the second of March, 1679 condemning some opinions of the Jesuits and other Casuits$b[electronic resource] 210 $aLondon $cPrinted for Ric. Chiswell ...$d1679 215 $a[8], 27 p 300 $aReproduction of original in Union Theological Seminary Library, New York. 300 $aIncludes Latin text and English translation. 330 $aeebo-0160 701 $aInnocent$cPope,$f1611-1689.$0973612 701 $aBurnet$b Gilbert$f1643-1715.$0193326 801 0$bEAA 801 1$bEAA 801 2$bm/c 801 2$bWaOLN 906 $aBOOK 912 $a996387038603316 996 $aA decree made at Rome, the second of March, 1679 condemning some opinions of the Jesuits and other Casuits$92399871 997 $aUNISA